000 00765nam a2200121Ia 4500
008 220615s9999||||xx |||||||||||||| ||und||
245 0 _aTransnational Organized Crime
_bAnalyses of a Global Challenge to Democracy
546 _aEnglish[eng]
650 _aPolitical Science||Transnational Organized Crime||Globalization||Money Laundering||Corruption||Narcotics||Mafia||Human Trafficking||Democracy||Politics||Violence||Sociology of Crime||International Relations||Political Science||Money laundering||Organized crime
700 _aSchönenberg, Regine||Schönenberg, Regine||Schönfeld, Annette von
856 _uhttps://library.oapen.org/bitstream/20.500.12657/30364/1/646500.pdf||https://library.oapen.org/bitstream/20.500.12657/30364/1/646500.pdf
942 _cEB
999 _c8951
_d8951